000 00574nam a2200181Ia 4500
008 100917s9999 xx 000 0 und d
082 _b21521
100 _aयति परमहंस प्र. ज्ञानेश्वर
245 _aस्त्रयिांचे प्रश्न
260 _b---
_c1936
300 _a16
365 _b0
520 _aनिबंध
630 _aस्त्रयिांचे प्रश्न
650 _aनिबंध
730 _aस्त्रयिांचे प्रश्न
942 _cBOOK
999 _c626915
_d626912